000 00652nam a2200181 i 4500
001 133565
003 ES-MaACL
005 20230906194444.0
007 t|
008 070821s1887 xxu ||||1| eng d
100 1 _aStevenson, John James.
_9108167
245 1 4 _aThe faults of southwest Virginia /
_cby John J. Stevenson.
260 _a[S.l. :
_bs.n.,
_c1887?]
300 _ap. 263-270 ;
_c23 cm.
500 _aPrecede al tít.: From the American Journal of Science, vol. XXXIII, abril, 1887.
650 4 _aGeología-
_zVirginia.
_9157302
852 _aES-MaACL
_jT-901-F-4
_z.- Legado de Federico de Botella y de Hornos
_z.- Enc. en un vol. facticio
999 _c133565
_d133565